Rôles de Wolvesville par Images - 1 - Statistiques

Statistiques générales
  • Ce quiz a été pris 30 fois
  • Le résultat moyen est 14 sur 16
Statistiques - réponses
Par images Réponse % Correct
Alchimiste
92%
Forgeron
92%
Loup-Chaton
92%
Sentinelle
92%
Chevalier Noir
88%
Fi-Loup
88%
Loup Cauchemar
88%
Pilleur de Tombe
88%
Sorcier
88%
Vengeur
88%
Voyante d'Esprit
88%
Détective Malfaisant
84%
Gourou
84%
Liseur de Bonne Aventure
80%
Tireur d'Élite
80%
Pasteur
76%
Aucun quiz correspondant
Distribution des résultats
% des personnes avec chaque résultat
Percentile par nombre de réponses
Votre historique - résultats
Vous n’avez pas pris ce quiz